000 00503nam a22001937a 4500
003 OSt
008 251217b |||||||| |||| 00| 0 eng d
082 _a631.53
_bB13G
100 _aBachchan Kumar
245 _aGenetic Studies in Exotic and Indigenous Crosses of Rice (Oryza sativa L.)
260 _a.- Pusa, Samastipur
_b: RAU
_c, 1998
300 _a51p.
650 _aPlant Breeding
650 _aRice
650 _aIndigenous Crosses
650 _aThesis
650 _aM. Sc.
942 _2ddc
_cT
999 _c49490
_d49490